000 00753nam a2200241Ia 4500
003 OSt
005 20221005112649.0
006 a|||||r|||| 00| 0
007 ta
008 221004b |||||||| |||| 00| 0 pan d
024 _a117340
037 _cTextual
040 _aCRL
_cCRL
_bpan
041 _2pan
_apan
082 _aQ8441:g, 153P9
100 _aਪੱ, ਜਤਿੰਦਰ
245 0 _aਸਿੱਖ ਧਰਮ ਦੇ ਸਮਾਜਕ ਸਰੋਕਾਰ
260 _aਜਲੰਧਰ
_bਵਿਾਲ ਪਬਲਿfੰਗ ਕੰਪਨੀ ਭਾਰਤ
_c2009
300 _a149ਪੰ
_ccm.
650 _aਧOਰੁ Fਸੱਢ
942 _hQ8441:g, 153P9
_cTEXL
_2cc
999 _c1025581
_d1025581